| 000 | 00688cam a2200241 4500 | ||
|---|---|---|---|
| 001 | B2950 | ||
| 008 | 090401t1990 xxu||||| |||| 00| 0 eng d | ||
| 035 | _a(Sirsi) u53117 | ||
| 041 | _aeng | ||
| 050 | _a693.832 | ||
| 100 | _aAnderson, B.R. | ||
| 245 | 4 | _aThe U-value of ground floors : application to building regulations | |
| 260 |
_aGarston,Watford _bBuilding Research Establishment _c1990 |
||
| 300 | _a(3)p. ; 30cm. | ||
| 350 | _a1.75 | ||
| 490 |
_aBRE Information Paper _v3/90 |
||
| 650 | _aBUILT ENVIRONMENT-BUILDING ELEMENTS-COMPLETE BUILDING ELEMENTS-FLOORS | ||
| 650 | _aHOUSING | ||
| 650 | _aINSULATION | ||
| 650 | _aU-VALUES | ||
| 942 | _n0 | ||
| 948 | _c04/03/1997 | ||
| 999 |
_c93224 _d93224 |
||